| 000 | 00453nam a2200181Ia 4500 | ||
|---|---|---|---|
| 999 |
_c33245 _d33245 |
||
| 003 | 0100 | ||
| 005 | 20171130155905.0 | ||
| 008 | 130303s9999 xx 000 0 und d | ||
| 040 | _cARRUPELIB | ||
| 050 | _aGN490.F6 1970 | ||
| 100 |
_aFortes, Meyer _936532 |
||
| 245 | _aAfrican political systems | ||
| 260 |
_aLondon _bOxford UP-The International African Institute _c1970 |
||
| 300 | _a302p | ||
| 650 |
_aPolitical anthropology _zAfrica _925823 |
||
| 650 |
_aTribes _zAfrica _9824 |
||
| 700 |
_aedited by M. Fortes , Evans-Pritchard, E.E _937854 |
||
| 942 | 0 | 0 |
_01 _2lcc _cMONOGRAPH |